Detrs̀ de la trama Polt̕icas migratorias entre Mx̌ico y Estados Unidos

Bibliographic Details
Main Author: S. Massey, Douglas
Other Authors: Durand, Jorge
Format: eBook
Language:Spanish
Published: Ciudad de Mx̌ico: Cm̀ara de Diputados, 2009
Subjects:
Online Access:Acceso restringido

MARC

LEADER 00000nam a22000007a 4500
005 2017120506206.0
007 cr|||| ||||
008 171205s2009 mx |||||s|||| 00||0 spa d
020 |a 978-607-401-052-7 
035 |a 20820 
040 |a vLex 
090 |c 7274  |d 7274 
100 1 |a S. Massey, Douglas 
245 1 0 |a Detrs̀ de la trama Polt̕icas migratorias entre Mx̌ico y Estados Unidos  |h [Recurso electrn̤ico] /  |c Douglas S. Massey; Jorge Durand 
256 |a Servicio en ln̕ea 
260 |a Ciudad de Mx̌ico:  |b Cm̀ara de Diputados,  |c 2009 
300 |a 1 recurso electrn̤ico 
506 1 |a Disponible solo en los productos indicados  |d vLex Global  |d vLex Global (Academic Edition, excluding Law Schools)  |d vLex Global (U.S. Academic Edition, Law Schools)  |d vLex Global (U.S. Academic Edition, excluding Law Schools)  |d vLex Global (Academic Edition, Law Schools) 
650 0 4 |a Derecho Internacional  |z Mx̌ico 
700 1 |a Durand, Jorge 
740 0 |a vLex Libros (Servicio en ln̕ea) 
856 4 0 |u http://vlex.com/source/detras-trama-politicas-migratorias-mexico-estados-unidos-20820  |z Acceso restringido 
942 |c BOOK 
999 0 |a International law